000
00267nam a22001217a 4500
008
181107b xxu||||| |||| 00| 0 eng d
041
_a
eng
080
_a
941
100
_a
16
101
_a
HIS
245
_a
The Wind That Sweps Mexico
_c
Anita,B
942
_2
udc
_c
BK
999
_c
52102
_d
52102